Normal view
MARC view
- الحوراني ، هاني وآخرون
Entry Personal Name
001 - CONTROL NUMBER
- control field: 21388
003 - CONTROL NUMBER IDENTIFIER
- control field: JO-AjAnu
005 - DATE AND TIME OF LATEST TRANSACTION
- control field: 20230606073715.0
008 - FIXED-LENGTH DATA ELEMENTS
- fixed length control field: 230606|| aca||aabn | a|a d
040 ## - CATALOGING SOURCE
- Original cataloging agency: JO-AjAnu
- Transcribing agency: JO-AjAnu
100 ## - HEADING--PERSONAL NAME
- Personal name: الحوراني ، هاني وآخرون
670 ## - SOURCE DATA FOUND
- Source citation: Work cat.: (JO-AjAnu)10988: الحوراني ، هاني وآخرون , author, دراسات حالة حول أداء منظمات المجتمع المدني في الأردن